00503 2200193 4500001002100000005001500021035002000036245005800056100001700114260002900131082001000160084001600170008004100186650001800227650002600245650000800271990001500279990001500294INLIS00000000000015420251120091527 a0010-11250001541 aTutorial Lengkap Microsoft Office 2007 /cAbdul Razaq1 aRazaq, Abdul aSurabaya :bINDAH,c2007 a005.5 a005.5 RAZ t251120 g 0 ind  aIlmu Komputer aMicrosoft Office 2007 aTIK a0312/TP/15 a0312/TP/15